| 000 | 00661cam a22002291 4500 | ||
|---|---|---|---|
| 001 | sa 64008978 | ||
| 003 | DLC | ||
| 005 | 20260227112058.0 | ||
| 008 | 890227s1964 xx 000 0 hin | ||
| 010 | _asa 64008978 | ||
| 035 | _a(OCoLC)23542179 | ||
| 040 |
_aDLC _cMiU _dDLC |
||
| 042 | _apremarc | ||
| 050 | 0 | 0 |
_aPK1937 _b.L28 |
| 245 | 0 | 0 | _aLaghu Hindī śabdasāgara. |
| 260 | _c[1964] | ||
| 300 |
_a2, 2, 1118 p. _bport. _c22 cm. |
||
| 440 | 0 |
_aKośa-granthamālā (Nāgarīpracāriṇī Sabhā, Vārānasi, Uttar Pradesh, India) ; _v3 |
|
| 500 | _aIn Hindi. | ||
| 650 | 0 |
_aHindi language _vDictionaries. |
|
| 700 | 1 |
_aTripāṭhī, Karuṇāpati _eed. |
|
| 999 |
_c61161 _d61161 |
||